Statistiques concernant Toutes les équipes ayant atteint les quarts de finale d'une Coupe du Monde de football

Cliquez ici pour prendre le quiz!

Statistiques générales

  • Ce quiz a été pris 12 279 fois
  • Le résultat moyen est 116 sur 148

Statistiques - réponses

AnnéeÉquipe% Correct
1938 | 1958 | 1982 | +4 othersFrance
100%
1938 | 1950 | 1954 | +12 othersBrésil
99%
1934 | 1994 | 1998 | +4 othersAllemagne
98%
1930 | 1966 | 1974 | +7 othersArgentine
97%
1934 | 1950 | 1986 | +3 othersEspagne
96%
1934 | 1938 | 1970 | +6 othersItalie
96%
1930 | 1950 | 1954 | +3 othersUruguay
95%
1954 | 1962 | 1966 | +5 othersAngleterre
93%
1966 | 2006Portugal
93%
1974 | 1978 | 1994 | +3 othersPays-Bas
90%
1986 | 2014Belgique
87%
1998Croatie
85%
1934 | 1938 | 1950 | +3 othersSuède
83%
1970 | 1986Mexique
81%
2014Colombie
80%
1934 | 1938 | 1954Suisse
77%
1962Chili
76%
2002Corée du Sud
75%
1974 | 1978 | 1982Pologne
71%
1998Danemark
70%
2002Turquie
68%
1934 | 1938 | 1954 | +2 othersHongrie
67%
2002Sénégal
67%
1990Irlande
64%
1958 | 1962 | 1966 | 1970URSS
64%
2010Ghana
63%
1934 | 1954 | 1978Autriche
59%
1990Cameroun
59%
1930 | 2002États-Unis
59%
1930 | 1954 | 1958 | +3 othersYougoslavie
57%
2006Ukraine
56%
2014Costa Rica
54%
2010Paraguay
54%
1970 | 1978Pérou
54%
1994Bulgarie
48%
1994Roumanie
48%
1934 | 1938 | 1962 | 1990Tchécoslovaquie
42%
1954 | 1958 | 1962 | +6 othersAllemagne de l'Ouest
39%
1958Pays de Galles
38%
1974Allemagne de l'Est
35%
1958Irlande du Nord
26%
1966Corée du Nord
25%
1938Cuba
19%
1978Allemagne de l'Ouest
17%

Distribution des résultats

Percentile par nombre de réponses

% des personnes avec chaque résultat

Votre développement - résultats

Vous n’avez pas pris ce quiz